Les 20 plus grandes villes du Val-d'Oise sur une carte - Statistiques

Statistiques générales
  • Ce quiz a été pris 206 fois
  • Le résultat moyen est 12 sur 20
Réponses sur la Carte
Les réponses sont colorées sur une échelle allant du rouge au vert en fonction du pourcentage des utilisateurs qui les ont devinées à leur premier essai. Vous pouvez retrouver ces pourcentages ci-dessous.
 
Statistiques - réponses
Commune Population % Correct
Cergy 69 578
95%
Argenteuil 107 135
93%
Pontoise 31 623
92%
Sarcelles 58 576
91%
Garges-lès-Gonesse 42 388
69%
Ermont 29 189
65%
Franconville 38 024
65%
Herblay-sur-Seine 31 818
63%
Eaubonne 25 934
60%
Saint-Ouen-l'Aumône 25 614
58%
Gonesse 26 959
57%
Bezons 34 314
52%
Goussainville 30 952
51%
Sannois 26 772
51%
Taverny 27 065
49%
Montmorency 21 677
47%
Villiers-le-Bel 29 238
45%
Deuil-la-Barre 22 903
44%
Cormeilles-en-Parisis 27 086
42%
Montigny-lès-Cormeilles 22 390
41%
Aucun quiz correspondant
Distribution des résultats
% des personnes avec chaque résultat
Percentile par nombre de réponses
Votre historique - résultats
Vous n’avez pas pris ce quiz